000 00398nam a2200169Ia 4500
003 LK-CoDNM
008 010623t xxu||||| |||| 00| 1 sin d
040 _aLK-CoDNM
_dLK-CoDNM
_eLK-CoDNM
041 _asin
080 _aD 15
100 _aDhammadaja,Dodanpahala.
_eed.
245 _aරෝහණ
246 _aRohana
260 _bSarasavi Press
_aPanadura
300 _b16p., 21 cm
942 _cBK
999 _c140721
_d140721